Capitali del Mondo Senza Lista - Statistics

Statistiche generali
  • Questo quiz è stato fatto 17 volte
  • Il punteggio medio è 109 su 196
Statistiche sulle risposte
Paese Capitale % Corretto
Spagna Madrid
93%
Francia Parigi
93%
Italia Roma
93%
Germania Berlino
87%
Portogallo Lisbona
87%
Paesi Bassi Amsterdam
80%
Grecia Atene
80%
Serbia Belgrado
80%
Slovacchia Bratislava
80%
Belgio Bruxelles
80%
Città del Vaticano Città del Vaticano
80%
Danimarca Copenaghen
80%
Finlandia Helsinki
80%
Malta La Valletta
80%
Slovenia Lubiana
80%
Lussemburgo Lussemburgo
80%
Russia Mosca
80%
Norvegia Oslo
80%
San Marino San Marino
80%
Svezia Stoccolma
80%
Croazia Zagabria
80%
Algeria Algeri
73%
Andorra Andorra la Vella
73%
Iraq Baghdad
73%
Azerbaigian Baku
73%
Colombia Bogotà
73%
Brasile Brasília
73%
Romania Bucarest
73%
Ungheria Budapest
73%
Argentina Buenos Aires
73%
Venezuela Caracas
73%
Messico Città del Messico
73%
Qatar Doha
73%
Egitto Il Cairo
73%
Pakistan Islamabad
73%
Afghanistan Kabul
73%
Perù Lima
73%
Bielorussia Minsk
73%
Uruguay Montevideo
73%
India Nuova Delhi
73%
Canada Ottawa
73%
Cina Pechino
73%
Montenegro Podgorica
73%
Repubblica Ceca Praga
73%
Sudafrica Pretoria, Città del Capo, o Bloemfontein
73%
Arabia Saudita Riad
73%
Lettonia Riga
73%
Estonia Tallinn
73%
Iran Teheran
73%
Giappone Tokyo
73%
Liechtenstein Vaduz
73%
Polonia Varsavia
73%
Stati Uniti Washington
73%
Etiopia Addis Abeba
67%
Turchia Ankara
67%
Paraguay Asunción
67%
Svizzera Berna
67%
Senegal Dakar
67%
Irlanda Dublino
67%
Israele Gerusalemme
67%
Ucraina Kiev
67%
Kuwait Kuwait
67%
Bolivia La Paz / Sucre
67%
Cuba L'Avana
67%
Regno Unito Londra
67%
Oman Mascate
67%
Kenya Nairobi
67%
Panama Panama
67%
Kosovo Pristina
67%
Ecuador Quito
67%
Marocco Rabat
67%
Islanda Reykjavík
67%
Bosnia ed Erzegovina Sarajevo
67%
Corea del Sud Seul
67%
Macedonia del Nord Skopje
67%
Bulgaria Sofia
67%
Libia Tripoli
67%
Tunisia Tunisi
67%
Lituania Vilnius
67%
Nuova Zelanda Wellington
67%
Ghana Accra
60%
Eritrea Asmara
60%
Thailandia Bangkok
60%
Libano Beirut
60%
Australia Canberra
60%
Moldavia Chișinău
60%
Armenia Erevan
60%
Indonesia Giacarta
60%
Vietnam Hanoi
60%
Malesia Kuala Lumpur
60%
Somalia Mogadiscio
60%
Monaco Monaco
60%
Cipro Nicosia
60%
Cile Santiago
60%
Taiwan Taipei
60%
Georgia Tbilisi
60%
Mongolia Ulan Bator
60%
Austria Vienna
60%
Laos Vientiane
60%
Emirati Arabi Uniti Abu Dhabi
53%
Nigeria Abuja
53%
Giordania Amman
53%
Madagascar Antananarivo
53%
Guinea-Bissau Bissau
53%
Repubblica del Congo Brazzaville
53%
Guatemala Città del Guatemala
53%
Bangladesh Dacca
53%
Siria Damasco
53%
Sierra Leone Freetown
53%
Guyana Georgetown
53%
Gibuti Gibuti
53%
Sudan Khartum
53%
Giamaica Kingston
53%
Saint Vincent e Grenadine Kingstown
53%
Repubblica Democratica del Congo Kinshasa
53%
Angola Luanda
53%
Maldive Malé
53%
Filippine Manila
53%
Cambogia Phnom Penh
53%
Corea del Nord Pyongyang
53%
El Salvador San Salvador
53%
Albania Tirana
53%
Gambia Banjul
47%
Kirghizistan Bishkek
47%
Barbados Bridgetown
47%
Timor Est Dili
47%
Gabon Libreville
47%
Liberia Monrovia
47%
Bahamas Nassau
47%
Suriname Paramaribo
47%
Papua Nuova Guinea Port Moresby
47%
Trinidad e Tobago Port of Spain
47%
Costa Rica San José
47%
Repubblica Dominicana Santo Domingo
47%
Singapore Singapore
47%
Seychelles Victoria
47%
Camerun Yaoundé
47%
Samoa Apia
40%
Turkmenistan Ashgabat
40%
Repubblica Centrafricana Bangui
40%
Belize Belmopan
40%
Tanzania Dodoma
40%
Sudan del Sud Giuba
40%
Zimbabwe Harare
40%
Nepal Kathmandu
40%
Togo Lomé
40%
Nicaragua Managua
40%
Bahrein Manama
40%
Ciad N'Djamena
40%
Kazakistan Nursultan
40%
Haiti Port-au-Prince
40%
Mauritius Port Louis
40%
Capo Verde Praia
40%
Yemen Sana'a
40%
Sri Lanka Sri Jayawardenepura Kotte
40%
Uzbekistan Tashkent
40%
Honduras Tegucigalpa
40%
Namibia Windhoek
40%
Mali Bamako
33%
Brunei Bandar Seri Begawan
33%
Guinea Conakry
33%
Tagikistan Dušanbe
33%
Botswana Gaborone
33%
Burundi Gitega
33%
Uganda Kampala
33%
Malawi Lilongwe
33%
Zambia Lusaka
33%
Mozambico Maputo
33%
Lesotho Maseru
33%
Swaziland Mbabane
33%
Myanmar Naypyidaw
33%
Mauritania Nouakchott
33%
Burkina Faso Ouagadougou
33%
Grenada Saint George's
33%
Antigua e Barbuda Saint John's
33%
Bhutan Thimphu
33%
Costa d'Avorio Yamoussoukro
33%
Tuvalu Funafuti
27%
Isole Salomone Honiara
27%
Ruanda Kigali
27%
Comore Moroni
27%
Niger Niamey
27%
Stati Federati di Micronesia Palikir
27%
Benin Porto-Novo / Cotonou
27%
Vanuatu Port Vila
27%
São Tomé e Príncipe São Tomé
27%
Figi Suva
27%
Saint Kitts e Nevis Basseterre
20%
Saint Lucia Castries
20%
Isole Marshall Majuro
20%
Guinea Equatoriale Malabo
20%
Palau Ngerulmud
20%
Tonga Nukuʻalofa
20%
Dominica Roseau
20%
Kiribati Sud Tarawa
20%
Nauru Yaren
20%
Nessun quiz corrispondente trovato
Distribuzione punteggi
Percentuale di utenti per punteggio
Percentile per numero di risposta
I tuoi punteggi nel tempo
Non hai fatto questo quiz